000 00783nam a2200229Ia 4500
003 OSt
005 20220923223507.0
006 a|||||r|||| 00| 0
007 ta
008 220922b |||||||| |||| 00| 0 hin d
024 _a217,760
037 _cTextual
040 _aARTS
_cARTS
_bhin
041 _2hin
_ahin
082 _aY73(P15):1, 152N9.2;P1.2
100 _aशर्मा, रामविलास
245 0 _aभारतीय संस्कृति और हिन्दी प्रदेश
246 _aBhāratīya sanskṛuti aur hindī pradesha
260 _aदिल्ली
_b किताबघर
_c1999
942 _hY73(P15):1, 152N9.2;P1.2
_cTEXL
_2CC
999 _c365726
_d365726